[Event "XXXV Abierto Ciudad de Sevilla"]
[Site "?"]
[Date "2010.01.13"]
[Round "6"]
[White "Pogorelov, Ruslan"]
[Black "Guerreiro Ricardo, Nuno"]
[Result "1-0"]
[WhiteElo "2474"]
[BlackElo "2076"]
[PlyCount "51"]
[EventDate "2010.01.06"]
[SourceDate "2010.01.08"]

1. Nf3 Nc6 2. d4 d5 3. c4 Bg4 4. Nc3 e6 5. cxd5 exd5 6. Bg5 Be7 7. Bxe7 Ngxe7
8. e3 a6 (8... O-O 9. Be2 Qd6 10. O-O Rad8 11. Rc1 Rfe8 12. h3 Bxf3 13. Bxf3 a6
14. a3 Nb8 15. Qb3 b5 16. Na2 c6 17. Nb4 a5 18. Nd3 a4 19. Qb4 Nc8 20. Qa5 Re7
21. Nc5 Ra7 22. Qc3 Nb6 23. e4 dxe4 24. Nxe4 Qf8 25. Nc5 Qd6 26. Rfe1 h6 27.
Re2 Re7 28. Rxe7 Qxe7 29. Re1 Qc7 30. g3 Nc4 31. Kg2 Qa5 32. Qc1 Qc7 33. Re2
Kf8 34. Qe1 Nd6 35. Qb4 Kg8 36. Bg4 Ne8 37. Ne6 fxe6 38. Bxe6+ Kh7 39. Bf5+ Kg8
40. Be6+ Kh7 41. Bf5+ {1/2-1/2 Boleslavsky,I-Aronson,L/Kharkov 1956}) 9. Be2
Qd6 10. a3 O-O 11. h3 Bxf3 12. Bxf3 Rae8 13. O-O Kh8 14. Qb3 Na5 15. Qb4 Qxb4
16. axb4 {Diagrama #} Nb3 $2 (16... Nc4 17. Nxd5 Nd2 18. Nxc7 Rc8 19. Rfc1 Nb3
20. Bxb7 Nxa1 (20... Rb8 21. Bxa6 Rxb4 22. d5 Rd8 23. d6 Ng6 (23... Rxd6 24.
Rd1) 24. Nb5 Nxa1 25. Rxa1 Rxb2 26. Rd1 $16) 21. Bxc8 Nb3 22. Rc3 Rxc8 23. d5
Nf5 24. Nxa6 Rxc3 25. bxc3 $16) 17. Rad1 $18 c6 18. Rd3 a5 19. Nxd5 (19. b5)
19... Nxd4 (19... Nxd5 20. Bxd5 cxd5 21. Rxb3 axb4 22. Rxb4 Re7 23. Rb5 Rd7 24.
Rc1 $16) 20. Rxd4 Nxd5 21. Bxd5 cxd5 22. bxa5 $18 Re4 23. Rfd1 g6 24. Rxe4 dxe4
25. Rd7 Rb8 26. Rxf7 1-0

[Event "XXXV Abierto Ciudad de Sevilla"]
[Site "?"]
[Date "2010.01.13"]
[Round "6"]
[White "Spraggett, Kevin"]
[Black "Van Hoolandt, Patrick"]
[Result "1-0"]
[WhiteElo "2586"]
[BlackElo "2207"]
[PlyCount "51"]
[EventDate "2010.01.06"]
[SourceDate "2010.01.08"]

1. e4 e5 2. Nf3 Nc6 3. Bb5 Nf6 4. d3 d6 5. c3 g6 6. Bg5 h6 7. Bh4 Bg7 8. Nbd2
O-O 9. O-O Bd7 10. Ba4 Qe8 11. Bb3 Nh5 12. Re1 Kh8 13. Nf1 f5 14. exf5 g5 15.
Bg3 Bxf5 16. d4 Nxg3 17. Nxg3 Bg6 18. dxe5 {Diagrama #} Bxe5 $6 (18... Nxe5)
19. Bd5 $14 Rd8 (19... Qd7) 20. Re3 Ne7 $6 (20... Bf7) 21. Nxe5 dxe5 22. Rxe5
$16 Qd7 23. Bb3 Bd3 $2 (23... Qxd1+ 24. Rxd1 Rxd1+ 25. Bxd1 $16) 24. Qh5 $18
Kg7 25. Rd1 Qd6 26. Re6 1-0

[Event "XXXV Abierto Ciudad de Sevilla"]
[Site "?"]
[Date "2010.01.13"]
[Round "6"]
[White "Matamoros Franco, Carlos"]
[Black "Barrero Garcia, Carlos"]
[Result "1-0"]
[WhiteElo "2545"]
[BlackElo "2421"]
[PlyCount "93"]
[EventDate "2010.01.06"]
[SourceDate "2010.01.08"]

1. c4 e5 2. g3 Nc6 3. Nc3 f5 4. Nf3 Nf6 5. d4 e4 6. Nh4 d5 7. Bg5 Be7 8. e3 Be6
9. Bxf6 Bxf6 10. cxd5 Bxd5 11. Nxf5 g6 12. Nh4 Bxh4 13. gxh4 O-O 14. Nxd5 Qxd5
15. Qb3 Qxb3 16. axb3 $14 Rf5 (16... Nb4) 17. Be2 Raf8 (17... Nb4 18. O-O c6
$14) 18. O-O a5 19. Rac1 Kg7 20. Kg2 R8f7 21. f3 {Diagrama #} Re7 $16 (21...
exf3+ 22. Bxf3 Nb4 23. Be4 (23. Bxb7 Rxf1 24. Rxf1 Re7 25. Kf2 Nc2) 23... Rxf1
24. Rxf1 Re7 25. Kf3 $14) 22. Rc3 (22. fxe4 Rxe4 23. Rxf5 gxf5 24. d5 Rxe3 25.
Kf2 Rxb3 26. dxc6 Rxb2 27. Ra1 bxc6 28. Rxa5 Rb4 (28... Kf6 29. Rc5 Rb6 30. Kg3
) 29. Kg3 $18) 22... Nb4 $2 (22... exf3+ 23. Bxf3 Ref7 24. Rcc1 Nb4 $16) 23.
fxe4 $18 Rxf1 24. Bxf1 Rxe4 25. Rxc7+ Kf6 26. Bc4 Rxh4 27. Rxb7 Nc2 28. Rf7+
Kg5 29. Re7 Rg4+ 30. Kf3 h5 31. d5 Rg1 32. d6 Rd1 33. Re5+ Kf6 34. Rd5 Rxd5 35.
Bxd5 Nb4 36. e4 Nd3 37. h4 g5 38. hxg5+ Kxg5 39. Ke3 Ne5 40. Be6 Kf6 41. Bh3
Nf7 42. Kd4 Ne5 43. Kd5 Nf7 44. Be6 h4 45. Bxf7 Kxf7 46. d7 Ke7 47. Kc6 1-0

[Event "XXXV Abierto Ciudad de Sevilla"]
[Site "?"]
[Date "2010.01.13"]
[Round "6"]
[White "Baht Vinay, S."]
[Black "Ivanov, Jordan"]
[Result "1/2-1/2"]
[WhiteElo "2540"]
[BlackElo "2409"]
[PlyCount "90"]
[EventDate "2010.01.06"]
[SourceDate "2010.01.08"]

1. d4 d5 2. Nf3 Nf6 3. c4 dxc4 4. e3 e6 5. Bxc4 c5 6. O-O a6 7. Bb3 Nc6 8. Qe2
cxd4 9. Rd1 Be7 10. Nxd4 Qc7 11. Nc3 O-O 12. e4 Nxd4 13. Rxd4 b5 14. e5 Nd7 15.
Bf4 Bb7 16. Qg4 Nc5 17. Bg5 (17. Rad1 Rfd8 18. Bc2 Rxd4 19. Rxd4 Rd8 20. Rxd8+
Qxd8 21. Qh3 g6 22. a3 Qc7 23. Qg3 Qd8 24. Qe3 Qd7 25. f3 a5 26. Qd2 b4 27.
Qxd7 Nxd7 28. axb4 axb4 29. Na2 Bd5 30. b3 Nc5 31. Nxb4 Bxb3 {
1/2-1/2 Eliet,N (2398)-Arnold,L (2431)/France 2001/EXT 2002}) 17... Bxg5 18.
Qxg5 f6 19. exf6 Rxf6 20. Bc2 Raf8 21. f3 Qb6 22. Qe3 b4 23. Ne2 e5 24. Rc4 Rc8
(24... Bd5) 25. Rc1 Bd5 26. Rh4 g6 27. Bb3 Bxb3 28. axb3 Rcc6 29. Rcc4 Nxb3 30.
Qxb6 Rxb6 31. Kf2 a5 32. Rc8+ Rf8 33. Rxf8+ Kxf8 34. Rxh7 Rc6 35. Ke3 Rc2 36.
f4 exf4+ (36... Rxb2 37. fxe5) 37. Nxf4 Rxb2 38. Nxg6+ Kg8 39. Ra7 Rxg2 40.
Ne7+ Kf8 {Diagrama #} 41. Nc6 Rg5 42. Rb7 Rh5 43. Nxa5 Rh3+ 44. Kf2 Nxa5 45.
Rxb4 Rxh2+ 1/2-1/2

[Event "XXXV Abierto Ciudad de Sevilla"]
[Site "?"]
[Date "2010.01.13"]
[Round "6"]
[White "Diogo, Vasco"]
[Black "Franco Ocampos, Zenon"]
[Result "1-0"]
[WhiteElo "2303"]
[BlackElo "2535"]
[PlyCount "69"]
[EventDate "2010.01.06"]
[SourceDate "2010.01.08"]

1. e4 c5 2. Nf3 Nc6 3. d3 g6 4. g3 Bg7 5. Bg2 e5 6. Be3 d6 7. c3 Nge7 8. O-O
O-O 9. Na3 h6 10. Qd2 Kh7 11. d4 exd4 12. cxd4 d5 13. exd5 Nxd5 14. dxc5 Nxe3
15. Qxe3 Be6 16. Nb5 Bxb2 17. Rab1 Bg7 18. Nd6 Rb8 (18... b6 19. Rfd1 Bxa2 20.
Rbc1 Nb4 $14) 19. a3 (19. Rxb7 Rxb7 20. Nxb7 Qd7 21. Nd6 Bxa2 22. Qd2 Be6 23.
Rb1 Rb8 24. Rxb8 Nxb8 25. Nd4 $14) 19... Qc7 $11 20. h4 Rfd8 21. h5 g5 22. Rfd1
Kg8 23. Qe4 Rd7 24. Bf1 (24. Qa4) 24... Na5 (24... g4 25. Nh2 Ne5 26. Rdc1 $11)
25. Bb5 Rdd8 26. Nd4 Bxd4 27. Qxd4 {Diagrama #} Qe7 $2 (27... Nb3 28. Qc3 a6
29. Be2 Nxc5 30. Ne4 b6 $11) 28. Qc3 $6 (28. Qe5 $1 $18 Nc6 (28... Qc7 29. Bd3)
(28... Ra8 29. Bd3) 29. Bxc6 bxc6 30. Rxb8 Rxb8 31. Nxf7) 28... Nc6 $6 (28...
b6) 29. Re1 $18 Rbc8 $2 30. Nxc8 Rxc8 31. Qe3 Qf6 32. Rbd1 Bg4 33. Rd6 Qf5 34.
Rxh6 Kg7 35. Bd3 1-0

[Event "XXXV Abierto Ciudad de Sevilla"]
[Site "?"]
[Date "2010.01.13"]
[Round "6"]
[White "Lalic, Bogdan"]
[Black "Sgnaolin, Davide"]
[Result "1-0"]
[WhiteElo "2494"]
[BlackElo "2220"]
[PlyCount "81"]
[EventDate "2010.01.06"]
[SourceDate "2010.01.08"]

1. d4 Nf6 2. Nf3 c5 3. d5 g6 4. Nc3 Bg7 5. e4 d6 6. Bb5+ Bd7 7. a4 O-O 8. O-O
Na6 9. Re1 Nc7 10. Bf1 Bg4 11. h3 Bxf3 12. Qxf3 Nd7 13. Bg5 b6 (13... h6 14.
Bf4 a6 15. Qe3 Kh7 16. Qd2 Rb8 17. Bg3 b5 18. axb5 axb5 19. f4 b4 20. Nd1 Nb5
21. e5 Nd4 22. Ra6 Ra8 23. Rxa8 Qxa8 24. c3 bxc3 25. bxc3 Nf5 26. Bh2 h5 27. g4
hxg4 28. hxg4 Nh6 29. Nf2 Nb6 30. c4 Qa4 31. Qd3 Qd7 32. e6 Qe8 33. Qh3 Kg8 34.
Bd3 fxe6 35. Rxe6 Rf6 36. g5 Rxe6 37. Qxe6+ Nf7 38. Qxg6 Qa4 39. Kg2 Nxc4 40.
Qe6 {1-0 Petrushin,A (2360)-Birmingham,E (2300)/Clichy 1986}) 14. Qd1 a6 15.
Qd2 Rb8 16. Rab1 b5 17. axb5 axb5 18. b4 c4 19. Ne2 Ra8 20. Nd4 Bxd4 $2 (20...
Nf6) 21. Qxd4 f6 22. Bh6 Re8 23. Ra1 $18 Na6 24. c3 Qb6 25. Qd2 Nc7 26. Be3 Qb7
27. Rxa8 Rxa8 28. f4 Ra6 29. Be2 Qa8 30. Bd4 Ra2 31. Qe3 Ra1 32. Bg4 Nf8 33.
Rxa1 Qxa1+ 34. Kh2 Qa8 35. Qe1 Kf7 36. Qh4 Ne8 37. Qf2 Qa1 {Diagrama #} 38. e5
f5 39. e6+ Kg8 40. Qh4 fxg4 $2 (40... Nf6 41. Bxf6 fxg4 42. Bxe7) 41. Qxe7 1-0

[Event "XXXV Abierto Ciudad de Sevilla"]
[Site "?"]
[Date "2010.01.13"]
[Round "6"]
[White "Campora Sivori, Daniel"]
[Black "Medina Carrasco, Santiago"]
[Result "1-0"]
[WhiteElo "2483"]
[BlackElo "2186"]
[PlyCount "95"]
[EventDate "2010.01.06"]
[SourceDate "2010.01.08"]

1. e4 c5 2. Nf3 Nc6 3. Bb5 g6 4. Bxc6 bxc6 5. O-O Bg7 6. Re1 d5 7. d3 h6 8. Nc3
Be6 9. h3 c4 10. d4 dxe4 11. Nxe4 Bd5 12. Bf4 Nf6 13. Nxf6+ Bxf6 14. Be5 O-O
15. Bxf6 exf6 16. Nh2 f5 17. Qd2 Rb8 18. b3 Qg5 19. Qxg5 hxg5 20. Nf1 Rb4 21.
c3 Rb7 22. b4 Ra8 23. Ne3 Be6 24. Nc2 Bd5 25. f3 Kf8 26. Kf2 Re8 27. a4 a6 28.
Rxe8+ Kxe8 29. Ne3 Be6 30. Re1 Kd7 31. Rd1 f4 32. Ng4 Bxg4 33. fxg4 Kd6 $6 (
33... a5 34. Rb1 (34. bxa5 Rb2+ 35. Kf1 (35. Kf3 Rc2 36. Ra1 Rxc3+ 37. Kf2 Rd3)
35... Ra2 $11) 34... Kd6) 34. Re1 Re7 {Diagrama #} (34... a5) 35. Rxe7 $2 Kxe7
36. Kf3 Ke6 37. Ke4 Kd6 (37... f5+ 38. gxf5+ gxf5+ 39. Kf3 Kf6 40. h4) 38. d5
cxd5+ 39. Kd4 Kc6 40. b5+ axb5 41. axb5+ Kxb5 42. Kxd5 f5 43. Kd4 fxg4 44. hxg4
Kb6 45. Kxc4 Kc6 46. Kd4 Kd6 47. c4 Kc6 48. Ke5 1-0

[Event "XXXV Abierto Ciudad de Sevilla"]
[Site "?"]
[Date "2010.01.13"]
[Round "6"]
[White "Urbina Perez, Juan Antonio"]
[Black "Rivas Pastor, Manuel"]
[Result "0-1"]
[WhiteElo "2197"]
[BlackElo "2531"]
[PlyCount "126"]
[EventDate "2010.01.06"]
[SourceDate "2010.01.08"]

1. e4 d6 2. d4 Nf6 3. Nc3 c6 4. a4 e5 5. Nf3 Qc7 6. h3 Be7 7. Bc4 O-O 8. O-O a5
9. Qe2 Na6 10. Rd1 Nb4 11. Bg5 h6 12. Bxf6 (12. Bh4 Nh5 13. Bxe7 Qxe7 14. dxe5
dxe5 15. Qd2 $11) 12... Bxf6 13. dxe5 dxe5 14. Rd2 $11 Rd8 15. Rxd8+ Qxd8 16.
Nd1 Na6 17. Bxa6 (17. Ne3 Nc5 18. c3) 17... Rxa6 18. Ne3 Ra8 19. Ng4 (19. Rd1)
19... Bxg4 20. hxg4 Qb6 21. b3 Qb4 22. Qe1 Qc5 23. c4 Qe7 24. Rd1 Qe6 25. Nh2
Be7 26. Qe2 Bc5 27. Nf1 g6 28. Rd3 Kg7 29. Nh2 Rh8 30. Rh3 Rd8 31. Rd3 Bd4 32.
g3 Rh8 33. Nf3 c5 34. Kg2 {Con similar estructura, comparen la actividad de
las piezas negras y blancas en la jugada 21 y ahora} h5 35. gxh5 $6 (35. g5)
35... Rxh5 36. Nh4 Qf6 37. Qf3 Qg5 38. Kf1 Rh8 39. Rd1 Rd8 40. Ke2 (40. Kg2)
40... Rd6 41. Qd3 Rf6 42. Nf3 Qh5 43. Rg1 Kf8 44. g4 Qh8 45. Rg3 Rf4 46. g5 ({
podía intentarse} 46. Nxd4 cxd4 47. Rh3 Qf6 48. f3 Qd6 49. Qd2 Qc5 50. Rh8+ Kg7
51. Re8) 46... Ke7 47. Rg2 (47. Nxd4) 47... Qh1 48. Rg1 Qh3 49. Rg3 Qc8 50. Rg2
Qc6 51. Nd2 Qd7 52. Qg3 Bb2 53. Qd3 Qd4 54. Qxd4 cxd4 {Diagrama #} 55. c5 $2 (
55. Rg3) 55... Bc3 {ganando material} 56. Nc4 Rxe4+ 57. Kd3 Re1 58. Nd6 Ke6 59.
f3 Re3+ 60. Kc4 b6 61. Rf2 bxc5 62. Nb7 Bb4 63. Nd8+ Ke7 0-1

[Event "XXXV Abierto Ciudad de Sevilla"]
[Site "?"]
[Date "2010.01.13"]
[Round "6"]
[White "Weber, Francois"]
[Black "Cabrera Trujillo, Jorge Juan"]
[Result "1/2-1/2"]
[WhiteElo "2149"]
[BlackElo "2384"]
[PlyCount "45"]
[EventDate "2010.01.06"]
[SourceDate "2010.01.08"]

1. e4 c5 2. Nf3 d6 3. d4 cxd4 4. Nxd4 Nf6 5. Nc3 a6 6. Bg5 e6 7. f4 Be7 8. Qf3
h6 9. Bh4 g5 10. fxg5 Nfd7 11. Nxe6 fxe6 12. Qh5+ Kf8 13. Bb5 Ne5 14. Bg3 Rh7
15. Bxe5 dxe5 16. Rd1 Nd7 (16... Bd7 17. g6 Rg7 18. O-O+ Kg8 19. Bc4 Qc8 20.
Bb3 Be8 21. Nd5 Bc5+ 22. Kh1 Rxg6 23. Rf6 Rg7 24. Qxh6 Nd7 25. Ne7+ Bxe7 26.
Bxe6+ Bf7 27. Bxf7+ {1-0 Blatny,F-Minic,D/Sombor 1966}) 17. Qg6 (17. Rf1+ Kg8
18. g6 Rg7 19. Bc4 Qb6 20. Nd5 Qc5 21. Rf7 exd5 22. Bxd5 Qe3+ 23. Kf1 Rxf7+ 24.
gxf7+ {1-0 Shomoev,A (2561)-Bolduc,S (2262)/Montreal 2007}) 17... Rf7 18. Qxh6+
Kg8 19. Rd3 (19. g6 Rg7 20. Bc4 Qb6 21. Rd3 Nf8 22. Rf1 Nxg6 23. g3 Nf8 24. Nd5
Qa5+ 25. c3 Qc5 26. b4 exd5 27. Bxd5+ Qxd5 28. exd5 Bg4 29. Qe3 Nd7 30. d6 Bg5
31. Qe4 Be6 32. Qxb7 Re8 33. Qe4 Nf6 34. Rxf6 Bxf6 35. Qc6 Rc8 36. Qxa6 Rd8 37.
d7 Re7 38. Rd6 Kf7 39. Qb6 Rdxd7 40. Rxd7 Rxd7 41. Qc6 e4 42. Qxe4 Bxc3+ {
1/2-1/2 Minic,D-Velimirovic,D/Vrnjacka Banja 1962}) 19... Bxg5 20. Rg3 (20.
Qg6+ Rg7 21. Qxe6+ Kh8 22. Bc4 $13) 20... Rg7 21. Qxe6+ Kh8 {Diagrama #} 22.
Rh3+ $2 (22. Bxd7 Bxd7 23. Qxe5 Qf6 24. Qxf6 Bxf6 $15) 22... Rh7 $2 (22... Bh4+
23. g3 Nf8 24. Rxh4+ Qxh4 25. Qxe5 Qh6 $19) 23. Rxh7+ 1/2-1/2

[Event "XXXV Abierto Ciudad de Sevilla"]
[Site "?"]
[Date "2010.01.13"]
[Round "6"]
[White "Rizouk, Aimen"]
[Black "Lanzani, Mario"]
[Result "1-0"]
[WhiteElo "2532"]
[BlackElo "2369"]
[PlyCount "129"]
[EventDate "2010.01.06"]
[SourceDate "2010.01.08"]

1. e4 c5 2. Nf3 d6 3. d4 cxd4 4. Nxd4 Nf6 5. Nc3 Nc6 6. Be2 e5 7. Nb3 Be7 8.
O-O O-O 9. Kh1 a5 10. a4 Nb4 11. f4 Bd7 12. Bf3 Bc6 13. Qe2 Re8 14. Be3 Qc7 15.
Qf2 exf4 16. Bxf4 $16 Bf8 17. Rfe1 Nd7 18. Nd4 Ne5 19. Rad1 Qe7 20. Qg3 Qf6 21.
Bh5 Ng6 {Diagrama #} 22. Rf1 $18 Bxe4 23. Bg5 Qe5 24. Nxe4 Qxe4 25. c3 Na6 26.
Bf3 Qe5 27. Bxb7 Qxg3 28. hxg3 Nc5 (28... Ra7 29. Bc6 Rc8 30. Nb5) 29. Bxa8
Rxa8 30. Ra1 Ne4 31. Bf4 Nxf4 32. Rxf4 d5 33. g4 Bc5 34. Rd1 g5 35. Rf3 h5 36.
gxh5 g4 37. Rf4 g3 38. Rd3 (38. Rc1) 38... Nf2+ 39. Rxf2 gxf2 40. Rf3 Bxd4 41.
cxd4 Rb8 42. Rxf2 Rb4 43. Rd2 Kg7 44. Kh2 Kh6 45. Rf2 {Diagrama #} Rxd4 (45...
Rxa4 46. g4 Rxd4 47. Kg3 Rd3+ 48. Kh4 Kg7 49. Kg5 a4 $14) 46. Rxf7 Kxh5 (46...
Rxa4 47. Rf5 Rd4 48. Kh3 a4 49. g4 Rd2 50. Kg3 Rxb2 51. Rxd5 a3 52. Rd6+ Kg7
53. Ra6 a2 54. Kh4 Kf7 $16) 47. b3 Rd3 48. Rf3 Rd2 49. Rc3 Rb2 50. Rd3 Kg6 51.
Rxd5 Rxb3 52. Rxa5 $18 Ra3 53. g3 Kf6 54. Kh3 Kg6 55. Kh4 Kf6 56. g4 Ra1 57.
Ra6+ Kf7 58. Kg5 Rc1 59. Ra7+ Kf8 60. Kh6 Rc6+ 61. Kh5 Rc4 62. a5 Rc5+ 63. g5
Rc6 64. g6 Rc1 65. Rf7+ 1-0

[Event "XXXV Abierto Ciudad de Sevilla"]
[Site "?"]
[Date "2010.01.13"]
[Round "6"]
[White "Coimbra, Margarida"]
[Black "Fernandez Romero, Ernesto"]
[Result "1/2-1/2"]
[WhiteElo "2109"]
[BlackElo "2458"]
[PlyCount "176"]
[EventDate "2010.01.06"]
[SourceDate "2010.01.08"]

1. e4 c5 2. c3 Nf6 3. e5 Nd5 4. d4 e6 5. Nf3 cxd4 6. cxd4 d6 7. Bc4 Be7 8. O-O
O-O 9. Nc3 Nxc3 10. bxc3 Qc7 11. exd6 Bxd6 12. Qe2 Nd7 13. Bd2 b6 14. Bd3 Bb7
15. h3 h6 16. c4 (16. Rfe1) 16... e5 17. dxe5 Bxf3 18. Qxf3 Nxe5 19. Qe4 Nxd3
20. Qxd3 Rfd8 $17 21. Qe2 Rac8 22. Rac1 {Diagrama #} Bh2+ 23. Kh1 Rxd2 24. Qxd2
Bf4 25. Qb4 Bxc1 26. Rxc1 Qc5 27. Qxc5 Rxc5 28. Kg1 b5 29. Kf1 bxc4 30. Ke2 Ra5
31. Rxc4 Rxa2+ 32. Ke3 a5 33. Rc7 Rb2 34. Ra7 Rb5 35. h4 h5 36. g3 g6 37. Kf3
Kg7 38. Ra6 Kf8 39. Ra7 Ke8 40. Ke3 Re5+ 41. Kf4 Rf5+ 42. Ke4 Kd8 43. f3 Ke8
44. g4 Rb5 45. Kf4 Kf8 46. Kg3 Kg7 47. Ra6 Rc5 48. Kf2 Rc2+ 49. Ke3 Rc3+ 50.
Kf4 Rc4+ 51. Kg3 a4 52. gxh5 gxh5 53. Ra5 Kh6 54. Ra6+ Kg7 55. Ra5 Kg6 56. Rg5+
Kh6 57. Ra5 f6 58. Kh3 Kg6 59. Ra6 Kf5 60. Ra5+ Kf4 61. Rxh5 f5 62. Rh8 Rc3 63.
Ra8 Rxf3+ 64. Kg2 Rg3+ 65. Kh2 Ra3 66. h5 Ra2+ 67. Kh3 Kg5 68. Ra5 Ra3+ 69. Kg2
Kg4 70. h6 Ra2+ 71. Kf1 Ra1+ 72. Kf2 Ra2+ 73. Kf1 a3 74. h7 Rh2 75. Rxa3 Rxh7
76. Kg2 f4 77. Kf2 Rc7 78. Rb3 Rc2+ 79. Kf1 Kf5 80. Ra3 Ke4 81. Ra4+ Ke3 82.
Ra3+ Ke4 83. Ra4+ Kf5 84. Ra3 Kg4 85. Rb3 Rd2 86. Ra3 Rb2 87. Rc3 f3 88. Rc8
Rb1+ 1/2-1/2

[Event "XXXV Abierto Ciudad de Sevilla"]
[Site "?"]
[Date "2010.01.13"]
[Round "6"]
[White "Riboo De Larriva, Alvaro"]
[Black "Berbatov, Kiprian"]
[Result "0-1"]
[WhiteElo "2186"]
[BlackElo "2455"]
[PlyCount "110"]
[EventDate "2010.01.06"]
[SourceDate "2010.01.08"]

1. e4 c5 2. Nc3 d6 3. f4 g6 4. Nf3 Bg7 5. Bb5+ Bd7 6. Bxd7+ Qxd7 7. O-O Nc6 8.
d3 Nh6 9. h3 f5 10. Be3 Nd4 11. e5 Nf7 12. Bxd4 (12. Nxd4 $6 cxd4 13. Bxd4 dxe5
14. Be3 exf4 15. Rxf4 $6 Bh6 16. Rf3 Bxe3+ 17. Rxe3 Qd4 18. Qf3 f4 19. Nd5 fxe3
20. Nc7+ Kd7 21. Nxa8 Nd6 $19) 12... cxd4 13. e6 (13. Nxd4 dxe5 14. Nb3 $15)
13... Qxe6 14. Re1 Qd7 15. Nd5 e5 16. Nxd4 O-O 17. Nb3 Rfe8 18. c3 exf4 19.
Nxf4 d5 20. d4 Ng5 21. Rxe8+ Rxe8 22. Nc5 Qd6 23. Ncd3 Ne4 24. Qb3 Nf6 25. Ne5
b6 26. Qa4 a5 27. Nfd3 Re7 28. Qb5 Nd7 29. Nxd7 Rxd7 30. Re1 Kf8 31. Qa6 Bf6
32. Qc8+ Kg7 33. Qe8 Rd8 34. Qe6 Bh4 35. Re3 h5 36. Qe5+ Qxe5 37. Rxe5 Bg3 38.
Re3 h4 39. Kf1 Kf6 40. Ne5 g5 {Diagrama #} 41. Ke2 $2 (41. a4) 41... Bf4 $19
42. Rf3 Bxe5 43. dxe5+ Kxe5 44. Re3+ Kf6 45. Kd3 g4 46. Kd4 f4 47. Re1 f3 48.
gxf3 g3 49. a4 Kf5 50. f4 g2 51. Rg1 Rg8 52. Ke3 Rg3+ 53. Kf2 Kxf4 54. b4 Rxc3
55. Kxg2 Rg3+ 0-1

[Event "XXXV Abierto Ciudad de Sevilla"]
[Site "?"]
[Date "2010.01.13"]
[Round "6"]
[White "Barria Zuñiga, Daniel"]
[Black "Perez Garcia, Roberto"]
[Result "1-0"]
[WhiteElo "2430"]
[BlackElo "2172"]
[PlyCount "72"]
[EventDate "2010.01.06"]
[SourceDate "2010.01.08"]

1. d4 Nf6 2. c4 g6 3. Nc3 d5 4. Bf4 Bg7 5. e3 O-O 6. Rc1 Be6 7. cxd5 Nxd5 8.
Nxd5 Qxd5 9. a3 c6 10. Nf3 Nd7 11. Qd2 Nf6 12. Bc4 Qf5 13. Bd3 Qg4 14. O-O Bd5
15. h3 Qd7 16. Ne5 Qd8 17. Qb4 Nh5 18. Bh2 f6 19. Nc4 f5 20. Na5 e5 21. Bc4
exd4 22. exd4 Bxc4 23. Qxc4+ Kh8 24. Nxb7 Qxd4 25. b4 Qb2 (25... f4) 26. Nd6 (
26. Rc2) 26... h6 27. Qxc6 Kh7 28. Nc4 Qb3 29. Ne5 Nf6 30. Qf3 Qxf3 31. Nxf3
Rac8 32. Rfd1 Rfd8 33. Be5 Ne4 34. g3 (34. Rxd8 Rxc1+ 35. Kh2 Bxe5+ 36. Nxe5
$18) 34... g5 35. g4 fxg4 36. hxg4 h5 $16 {Diagrama # Ilegible} 1-0

[Event "XXXV Abierto Ciudad de Sevilla"]
[Site "?"]
[Date "2010.01.13"]
[Round "6"]
[White "Blanco, Cristobal"]
[Black "Morales Barrera, Raul"]
[Result "1-0"]
[WhiteElo "2379"]
[BlackElo "2108"]
[PlyCount "119"]
[EventDate "2010.01.06"]
[SourceDate "2010.01.08"]

1. e4 c6 2. d4 d5 3. e5 c5 4. Nf3 Bg4 5. dxc5 {
otras posibilidades son 5.c4 o 5.c3} e6 6. Be3 {también 6.Ae2 o 6.Ab5+} Nc6 7.
Bb5 Nh6 (7... Qa5+ 8. Nc3 O-O-O) 8. h3 Bxf3 9. Qxf3 Qa5+ 10. Nc3 Nf5 11. Bd2
Qc7 (11... O-O-O) 12. O-O-O $16 O-O-O 13. Bg5 Be7 14. Bxe7 Ncxe7 15. g4 Nh6 16.
Qe3 Kb8 17. Ba4 a6 18. b4 Rc8 19. Rd3 Rhd8 20. Kb2 Nc6 21. Bxc6 Qxc6 22. Re1
Ng8 23. Ne2 Ne7 24. Nd4 Qa4 25. Qd2 Nc6 26. Nxc6+ Rxc6 27. c4 a5 28. cxd5 Rxd5
29. Rxd5 exd5 30. a3 axb4 31. Qxb4 Qa7 32. Rc1 Qa6 33. Qd4 Qb5+ 34. Ka2 Qe2+
35. Ka1 Ra6 36. Rc3 Qe1+ 37. Kb2 Ra5 38. a4 Qe2+ 39. Ka3 Qe1 40. Rb3 Qc1+ 41.
Kb4 Ra6 42. f3 (42. f4) 42... Qe1+ 43. Qc3 {Diagrama #} Qe2 $2 (43... Qd1) 44.
Ka3 Qd1 45. Rb4 Rc6 46. Rd4 Qe2 47. Rxd5 Qf2 48. Rd8+ Ka7 49. Rd4 Qg1 50. h4 h6
51. h5 Qf2 52. Kb4 Qe2 53. Rd6 Rc8 54. c6 bxc6 55. Rd7+ Ka8 56. Kc5 Qa6 57. Qc4
Qa5+ 58. Kd6 Qd2+ 59. Ke7 Qg5+ 60. Kxf7 1-0

[Event "XXXV Abierto Ciudad de Sevilla"]
[Site "?"]
[Date "2010.01.13"]
[Round "6"]
[White "Mirzoev, Azer"]
[Black "Komljenovic, Davorin"]
[Result "1/2-1/2"]
[WhiteElo "2594"]
[BlackElo "2431"]
[PlyCount "92"]
[EventDate "2010.01.06"]
[SourceDate "2010.01.08"]

1. d4 g6 2. e4 Bg7 3. Nc3 d6 4. Be3 a6 5. Qd2 b5 6. Bd3 Bb7 7. a4 b4 8. Nd1 a5
9. Ne2 Nd7 10. O-O Ngf6 11. f3 O-O 12. c3 c5 13. Nf2 cxd4 14. cxd4 e5 15. d5
Nh5 16. g4 Nf4 17. Nxf4 exf4 18. Bxf4 Nc5 19. Bc4 Qf6 20. Ra2 b3 21. Raa1 Rfc8
22. g5 Qxb2 23. Qxb2 Bxb2 24. Rab1 Bd4 25. Rfd1 (25. Bxb3 Ba6 26. Rfd1 Bd3)
25... Bxf2+ 26. Kxf2 Nxe4+ 27. fxe4 Rxc4 28. Rxb3 Rxe4 29. Bxd6 Rd8 30. Bc7
Rxd5 31. Rxd5 Bxd5 32. Rb8+ Kg7 33. Bxa5 f5 34. Rd8 Bc6 35. Bc3+ Kf7 36. a5 Rc4
37. Bd2 Rh4 38. Rd6 Rxh2+ 39. Kg3 Rg2+ 40. Kh3 Rf2 41. a6 Be4 42. Kg3 Rf3+ 43.
Kh2 Rb3 44. Kg1 Ra3 45. Kf2 Ke7 46. Bb4 Ra4 {Diagrama # Ilegible} 1/2-1/2